L'Iran par images - Statistiques

Statistiques générales
  • Ce quiz a été pris 141 fois
  • Le résultat moyen est 6 sur 18
Statistiques - réponses
Par images Hint Réponse % Correct
Ville Téhéran
93%
Ancien pays Empire achéménide
87%
Langues Persan
63%
Guide suprême Ali Khamenei
54%
Détroit Détroit d'Ormuz
51%
Ancienne ville Persepolis
41%
Chah d'Iran Mohammad Reza Pahlavi
27%
Événements Révolution iranienne
25%
Chaîne de montagnes Zagros
20%
Prophète Zoroastre
20%
Monument Tour Azadi
18%
Film Taxi Téhéran
16%
Plat Ghormeh-sabzi
13%
Sommet Mont Damavand
11%
Désert Dacht-e Lout
7%
Autrice Marjane Satrapie
3%
Instrument de musique Santour
3%
Mosquée Mosquée du Cheikh Lotfallah
2%
Aucun quiz correspondant
Distribution des résultats
% des personnes avec chaque résultat
Percentile par nombre de réponses
Votre historique - résultats
Vous n’avez pas pris ce quiz